[Event "NWFD Ch 2019 Men"]
[Site "St. Petersburg"]
[Date "2019.03.15"]
[Round "9.1"]
[White "Nesterov, Arseniy"]
[Black "Rozum, Ivan"]
[Result "1/2-1/2"]
[WhiteElo "2412"]
[BlackElo "2573"]
[PlyCount "84"]
[EventDate "2019.03.07"]

1. d4 Nf6 2. c4 e6 3. Nf3 d5 4. Bg5 Bb4+ 5. Nbd2 dxc4 6. a3 Bxd2+ 7. Qxd2 b5 8.
a4 c6 9. g3 Bb7 10. Bg2 Nbd7 11. Ne5 Qc8 12. O-O O-O 13. e4 a6 14. f4 Qc7 15.
Nxd7 Nxd7 16. f5 exf5 17. Rxf5 Qd6 18. e5 Qe6 19. Raf1 f6 20. exf6 Nxf6 21.
Bxf6 Rxf6 22. Rxf6 gxf6 23. Re1 Qd6 24. Re4 Rf8 25. Rg4+ Kh8 26. Qh6 Qe7 27.
Re4 Qd6 28. Rh4 Qe7 29. Re4 Qg7 30. Qe3 Qg6 31. Re7 Rf7 32. Qe6 Kg7 33. Be4 f5
34. Rxf7+ Qxf7 35. Qxf7+ Kxf7 36. Bxf5 bxa4 37. Bxh7 c5 38. dxc5 c3 39. bxc3 a3
40. Bb1 Bd5 41. Kf2 Ke6 42. Ke3 a2 1/2-1/2

[Event "NWFD Ch 2019 Men"]
[Site "St. Petersburg"]
[Date "2019.03.15"]
[Round "9.2"]
[White "Samojlov, Anton"]
[Black "Osoblivi, Grigory"]
[Result "1-0"]
[WhiteElo "2332"]
[BlackElo "2222"]
[PlyCount "113"]
[EventDate "2019.03.07"]

1. e4 c6 2. d4 d5 3. e5 Bf5 4. Be3 e6 5. Nd2 Nd7 6. Ngf3 h6 7. Be2 Ne7 8. O-O
Bg4 9. Bd3 Bf5 10. Ne1 Bxd3 11. Nxd3 Nf5 12. Qf3 Be7 13. c3 Rc8 14. b4 O-O 15.
g4 Nxe3 16. Qxe3 b6 17. f4 c5 18. f5 Bg5 19. Nf4 cxb4 20. cxb4 Qc7 21. Nf3 Qc3
22. Qxc3 Rxc3 23. Nxg5 hxg5 24. fxe6 gxf4 25. exd7 Rd8 26. Rac1 Rc4 27. Rxc4
dxc4 28. Rxf4 Rxd7 29. Kf2 g5 30. Re4 c3 31. Ke2 Rc7 32. Kd1 c2+ 33. Kc1 Rc4
34. e6 fxe6 35. Rxe6 Kf7 36. Rd6 Rxb4 37. Kxc2 a5 38. Rd5 a4 39. Kc3 Rb1 40.
Rf5+ Kg6 41. Rf2 Rg1 42. h3 Rg3+ 43. Kc4 Rxh3 44. d5 Rg3 45. d6 Rxg4+ 46. Kd5
Rg1 47. d7 Rd1+ 48. Kc6 Rc1+ 49. Kxb6 Rb1+ 50. Kc7 Rc1+ 51. Kd8 g4 52. Rf8 Kg5
53. Ke7 Re1+ 54. Kd6 Rd1+ 55. Kc6 g3 56. d8=Q+ Rxd8 57. Rxd8 1-0

[Event "NWFD Ch 2019 Men"]
[Site "St. Petersburg"]
[Date "2019.03.15"]
[Round "9.3"]
[White "Cherepanov, Vladislav"]
[Black "Toivonen, Alexander V"]
[Result "1/2-1/2"]
[WhiteElo "2302"]
[BlackElo "2304"]
[PlyCount "30"]
[EventDate "2019.03.07"]

1. d4 d5 2. c4 c6 3. cxd5 cxd5 4. Bf4 Nc6 5. e3 Nf6 6. Nc3 a6 7. Bd3 Bg4 8. f3
Bh5 9. Nge2 e6 10. O-O Bd6 11. Rc1 O-O 12. Bb1 Bg6 13. Bxg6 hxg6 14. Qd2 Rc8
15. Na4 Nd7 1/2-1/2

[Event "NWFD Ch 2019 Men"]
[Site "St. Petersburg"]
[Date "2019.03.15"]
[Round "9.4"]
[White "Rudenko, Naum"]
[Black "Gogolev, Artem"]
[Result "0-1"]
[WhiteElo "2231"]
[BlackElo "2388"]
[PlyCount "146"]
[EventDate "2019.03.07"]

1. e4 c6 2. Nc3 d5 3. Nf3 Nf6 4. e5 Ne4 5. Ne2 Qb6 6. d4 f6 7. g3 Bg4 8. Bg2
Nd7 9. O-O e6 10. h3 Bh5 11. Nf4 Bf7 12. Nd3 Be7 13. Be3 h5 14. Nd2 f5 15. Nxe4
fxe4 16. Nf4 Qxb2 17. Rb1 Qxa2 18. Rxb7 Qa6 19. Qb1 Nb6 20. Rxe7+ Kxe7 21. Qb4+
Ke8 22. Qd6 Qc8 23. Ne2 Nc4 24. Qc5 Kd7 25. Rb1 Qc7 26. Bg5 Rhe8 27. Nc3 Rab8
28. Ra1 a5 29. Bxe4 Qb6 30. Na4 Qc7 31. Bd3 Rb5 32. Bxc4 Rxc5 33. Nxc5+ Kc8 34.
Ba6+ Kb8 35. Rb1+ Ka7 36. Rb7+ Qxb7 37. Bxb7 Kb6 38. Bd2 a4 39. Bb4 Rb8 40. Ba6
Ra8 41. Bd3 a3 42. Bc3 a2 43. Nb3 g5 44. Kf1 Bg8 45. Ke2 Ra7 46. f4 gxf4 47.
gxf4 Bh7 48. Bxh7 Rxh7 49. Nc5 Rh6 50. Kf3 Rg6 51. f5 exf5 52. e6 Kc7 53. Kf4
Kd6 54. Kxf5 Rg2 55. Nb7+ Ke7 56. Bb4+ c5 57. Nxc5 Ke8 58. Bc3 Rxc2 59. Ba1 Rc1
60. Bb2 Rb1 61. Bc3 Rh1 62. Ke5 Rxh3 63. Bb2 Rh2 64. Ba1 Rh1 65. Bb2 h4 66. Nb7
Re1+ 67. Kxd5 h3 68. Nd6+ Ke7 69. Nf5+ Kf6 70. Nh6 Rxe6 71. Kc5 Re2 72. Ba1 Re1
73. Bb2 Rb1 0-1

[Event "NWFD Ch 2019 Men"]
[Site "St. Petersburg"]
[Date "2019.03.15"]
[Round "9.5"]
[White "Zhuravlev, Aleksandr"]
[Black "Solozhenkin, Evgeniy"]
[Result "1/2-1/2"]
[WhiteElo "2021"]
[BlackElo "2460"]
[PlyCount "114"]
[EventDate "2019.03.07"]

1. d4 Nf6 2. c4 e6 3. Nc3 Bb4 4. e3 c5 5. Bd3 O-O 6. Nge2 cxd4 7. exd4 d5 8.
O-O Nc6 9. Bg5 dxc4 10. Bxc4 Be7 11. Rc1 b6 12. Bxf6 Bxf6 13. Ne4 Bb7 14. Bb5
Nb4 15. Nxf6+ Qxf6 16. Qd2 Nd5 17. Bc6 Bxc6 18. Rxc6 Rad8 19. h3 g6 20. Rfc1
Kg7 21. a3 h5 22. Qd3 h4 23. Qe4 Rd7 24. Qe5 Rfd8 25. Qxf6+ Kxf6 26. Rc8 Kf5
27. Rxd8 Rxd8 28. Kf1 Rd7 29. Ke1 Ke4 30. Kd2 Nf4 31. Nxf4 Kxf4 32. Ke2 f6 33.
Rc4 Rd5 34. Ra4 a5 35. Rc4 Rb5 36. b4 Kf5 37. d5 axb4 38. Rxb4 Rxd5 39. Rxh4 b5
40. f3 Rd6 41. Rg4 g5 42. h4 Kg6 43. Re4 gxh4 44. Rxh4 f5 45. Ke3 Rd1 46. Rd4
Rb1 47. g4 Rb3+ 48. Ke2 Kf6 49. gxf5 Kxf5 50. Re4 e5 51. Kf2 Rb2+ 52. Ke3 Rh2
53. Kd3 Rh8 54. Ke3 Re8 55. Kd2 Rd8+ 56. Ke3 Rd5 57. f4 exf4+ 1/2-1/2

[Event "NWFD Ch 2019 Men"]
[Site "St. Petersburg"]
[Date "2019.03.15"]
[Round "9.6"]
[White "Mironov, Vadim"]
[Black "Cherniaev, Alexander"]
[Result "0-1"]
[WhiteElo "2181"]
[BlackElo "2405"]
[PlyCount "88"]
[EventDate "2019.03.07"]

1. Nf3 f5 2. b3 d6 3. Bb2 e5 4. d3 Nf6 5. g3 Be7 6. Bg2 O-O 7. O-O c6 8. c4 Na6
9. Nbd2 Qe8 10. e3 Kh8 11. Re1 Nc5 12. Bf1 Ne6 13. b4 Bd7 14. a3 b6 15. Bg2 Rc8
16. Qe2 Qd8 17. e4 fxe4 18. Nxe4 Nxe4 19. Qxe4 Bf6 20. h4 Rc7 21. Rad1 c5 22.
b5 Bc8 23. Nd2 Rcf7 24. Rf1 Nc7 25. Rde1 d5 26. cxd5 Nxb5 27. Bxe5 Bb7 28. Nc4
Nc3 29. Qg4 Bxd5 30. Nd6 Re7 31. Bxf6 Rxf6 32. Nf5 Ref7 33. Bxd5 Nxd5 34. Re5
Ne7 35. Rfe1 Ng8 36. Qe4 Qd7 37. g4 g6 38. Ne3 Rxf2 39. Nd5 Qd6 40. d4 c4 41.
Ne3 R2f4 42. Nxc4 Qd7 43. Qe2 Rxg4+ 44. Kh2 Rxh4+ 0-1

[Event "NWFD Ch 2019 Men"]
[Site "St. Petersburg"]
[Date "2019.03.15"]
[Round "9.7"]
[White "Radkov, Bazhen D"]
[Black "Petrushev, Nikita"]
[Result "1/2-1/2"]
[WhiteElo "2150"]
[BlackElo "2238"]
[PlyCount "135"]
[EventDate "2019.03.07"]

1. d4 d5 2. c4 c6 3. Nf3 Nf6 4. g3 g6 5. Bg2 Bg7 6. O-O O-O 7. Qa4 Nbd7 8. cxd5
Nb6 9. Qb3 Nbxd5 10. Nbd2 Qb6 11. Qc2 Qa6 12. Re1 Be6 13. a3 Nb4 14. Qb1 Nbd5
15. e4 Nc7 16. Qc2 Rac8 17. b3 Rfd8 18. Bb2 Nfe8 19. h3 Nb5 20. e5 Bf5 21. Qc1
Nbc7 22. Ne4 Qb6 23. Nc5 Be6 24. a4 a5 25. Bc3 Qa7 26. b4 axb4 27. Bxb4 Bd5 28.
Qb2 b6 29. Nb3 Na6 30. Bc3 c5 31. dxc5 Nxc5 32. Nxc5 bxc5 33. a5 Rb8 34. Qc1
Nc7 35. Nd2 Bxg2 36. Kxg2 Nd5 37. Ne4 c4 38. a6 Rb3 39. Ba5 Rc8 40. Nd2 Rb5 41.
Bc3 Rc6 42. Bd4 Qxd4 43. a7 Nc7 44. a8=Q+ Nxa8 45. Rxa8+ Bf8 46. Nf3 Qb2 47.
Qf4 h6 48. Nd4 g5 49. Qe4 Rcc5 50. e6 f5 51. Qe3 Re5 52. Qf3 Qxd4 53. Rd1 Qe4
54. Rdd8 Qxf3+ 55. Kxf3 Rxe6 56. Rxf8+ Kg7 57. Rg8+ Kf6 58. Rac8 Re4 59. Rh8
Rb3+ 60. Kg2 Rb2 61. Rc6+ Kf7 62. Rc5 Kg7 63. Rcc8 Kf7 64. Rcf8+ Kg6 65. Rhg8+
Kh7 66. Rh8+ Kg7 67. Rhg8+ Kh7 68. Rh8+ 1/2-1/2

[Event "NWFD Ch 2019 Men"]
[Site "St. Petersburg"]
[Date "2019.03.15"]
[Round "9.8"]
[White "Zaykov, Sergey"]
[Black "Arkhipov, Vladislav"]
[Result "0-1"]
[WhiteElo "2138"]
[BlackElo "2019"]
[PlyCount "86"]
[EventDate "2019.03.07"]

1. Nf3 Nf6 2. g3 d5 3. Bg2 c6 4. d3 Bf5 5. O-O Nbd7 6. c4 e6 7. b3 Bd6 8. Bb2
O-O 9. Nbd2 h6 10. Re1 Bh7 11. e4 dxe4 12. dxe4 Ng4 13. Qe2 Bc5 14. Rf1 f6 15.
h3 Nge5 16. Rad1 Qc7 17. Kh1 Nxf3 18. Nxf3 e5 19. Nh4 Rfd8 20. f4 Nf8 21. fxe5
fxe5 22. Qh5 Bd4 23. Bc1 Rd6 24. Nf5 Bxf5 25. Qxf5 Nh7 26. Qg4 Nf6 27. Qe2 a5
28. Ba3 c5 29. Rb1 Rad8 30. Bc1 Qd7 31. Bd2 b6 32. Be1 Qf7 33. Bf3 Qg6 34. Rd1
Rf8 35. Rd3 Rfd8 36. Bg2 Nh5 37. Rf5 Bf2 38. Bxf2 Rxd3 39. Qxh5 Qxh5 40. Rxh5
Rd2 41. Rf5 Rxa2 42. Bf1 Rdd2 43. h4 Rxf2 0-1

[Event "NWFD Ch 2019 Men"]
[Site "St. Petersburg"]
[Date "2019.03.15"]
[Round "9.9"]
[White "Suleymanyants, Odisey"]
[Black "Makarov, Leonid"]
[Result "1/2-1/2"]
[WhiteElo "2259"]
[BlackElo "2097"]
[PlyCount "118"]
[EventDate "2019.03.07"]

1. e4 Nh6 2. d4 g6 3. Nf3 d5 4. exd5 Qxd5 5. Nc3 Qd8 6. Bc4 Bg7 7. O-O O-O 8.
Bxh6 Bxh6 9. Ne5 Nd7 10. Nxd7 Qxd7 11. Ne4 Qc6 12. Qe2 Be6 13. Bxe6 Qxe6 14.
Rfe1 Qd5 15. c3 Bg7 16. Red1 Rad8 17. h4 e6 18. a4 a5 19. Qf3 Kh8 20. Qe2 Qf5
21. Rd3 c6 22. Rad1 Qf4 23. g3 Qc7 24. h5 Rd5 25. hxg6 hxg6 26. Kg2 Kg8 27. f4
Rfd8 28. Qf3 b6 29. g4 c5 30. dxc5 bxc5 31. Kg3 c4 32. Rxd5 Rxd5 33. g5 Rxd1
34. Qxd1 e5 35. Qd5 exf4+ 36. Kf3 Qb6 37. Kxf4 Qxb2 38. Qxc4 Qc1+ 39. Kf3 Be5
40. Qd3 Qf4+ 41. Ke2 Kg7 42. c4 Qg4+ 43. Kd2 Qg2+ 44. Qe2 Bf4+ 45. Kd3 Qh3+ 46.
Kc2 Qa3 47. c5 Qxa4+ 48. Kb1 Qb4+ 49. Qb2+ Qxb2+ 50. Kxb2 Kf8 51. Kb3 Ke7 52.
Ka4 Kd7 53. Kb5 a4 54. Kxa4 Kc6 55. Kb4 Be3 56. Kc4 Bg1 57. Nd6 Bxc5 58. Nxf7
Be7 59. Kd4 Bxg5 1/2-1/2

[Event "NWFD Ch 2019 Men"]
[Site "St. Petersburg"]
[Date "2019.03.15"]
[Round "9.10"]
[White "Semenenko, Sergey"]
[Black "Gashev, Matvei"]
[Result "1-0"]
[WhiteElo "2143"]
[BlackElo "1806"]
[PlyCount "53"]
[EventDate "2019.03.07"]

1. d4 Nf6 2. c4 c5 3. d5 e6 4. Nc3 exd5 5. cxd5 d6 6. e4 g6 7. f4 Qe7 8. Nf3
Bg7 9. Bd3 O-O 10. O-O Bg4 11. h3 Bxf3 12. Qxf3 Nbd7 13. Bd2 a6 14. a4 Rab8 15.
Rae1 Rfc8 16. Bc4 Ne8 17. Kh1 Nc7 18. Qe2 h5 19. b3 Re8 20. e5 dxe5 21. Ne4 Qd8
22. f5 Nf6 23. fxg6 fxg6 24. d6+ Ne6 25. Ng5 Qxd6 26. Nxe6 Rxe6 27. Qxe5 1-0

[Event "NWFD Ch 2019 Men"]
[Site "St. Petersburg"]
[Date "2019.03.15"]
[Round "9.11"]
[White "Nekipelov, Dimitry"]
[Black "Zasypkin, Alexey"]
[Result "1-0"]
[WhiteElo "2197"]
[BlackElo "2184"]
[PlyCount "95"]
[EventDate "2019.03.07"]

1. d4 Nf6 2. Bg5 g6 3. Bxf6 exf6 4. c4 f5 5. g3 Bg7 6. Bg2 c5 7. e3 Nc6 8. Ne2
Qb6 9. Nbc3 O-O 10. O-O cxd4 11. Na4 Qb4 12. exd4 Qxc4 13. Rc1 Qxa2 14. Rc5 Nb4
15. b3 d6 16. Rc4 a5 17. Nec3 Qc2 18. Qxc2 Nxc2 19. Nb6 Be6 20. d5 Na3 21. Rc7
Bc8 22. Nxa8 Bd4 23. Rd1 Bc5 24. Na4 Nb5 25. Re7 Bd4 26. N8b6 f4 27. Nxc8 fxg3
28. hxg3 Rxc8 29. Rxb7 Nc3 30. Nxc3 Bxc3 31. Rc1 Rc5 32. Rb6 Bb4 33. Rxc5 Bxc5
34. Ra6 Bb4 35. Kf1 h5 36. Ke2 Kg7 37. Kd3 g5 38. f3 f5 39. Rb6 Be1 40. g4 fxg4
41. fxg4 Bb4 42. gxh5 g4 43. Rxb4 axb4 44. Kc4 Kh6 45. Kxb4 Kxh5 46. Kc4 Kh4
47. b4 Kg3 48. Be4 1-0

[Event "NWFD Ch 2019 Men"]
[Site "St. Petersburg"]
[Date "2019.03.15"]
[Round "9.12"]
[White "Krasovskiy, Sviatoslav"]
[Black "Rumiantsev, Rafail"]
[Result "1-0"]
[WhiteElo "2145"]
[BlackElo "1982"]
[PlyCount "75"]
[EventDate "2019.03.07"]

1. c4 e5 2. Nc3 f5 3. g3 Nf6 4. Bg2 Nc6 5. d3 Bc5 6. Nf3 d6 7. O-O a6 8. a3 O-O
9. b4 Ba7 10. Qb3 Kh8 11. a4 Qe8 12. a5 Nd4 13. Nxd4 Bxd4 14. e3 Bxc3 15. Qxc3
e4 16. Bb2 Bd7 17. Rad1 Rc8 18. dxe4 fxe4 19. Rd4 Bf5 20. f3 Qe6 21. g4 exf3
22. Bxf3 Bg6 23. Rf4 h6 24. Bxb7 Rce8 25. Bxa6 Qxe3+ 26. Qxe3 Rxe3 27. Bb7 Rb3
28. Bd4 Rxb4 29. a6 Bd3 30. Rxf6 gxf6 31. Rxf6 Rxf6 32. Bxf6+ Kh7 33. a7 Rb1+
34. Kf2 Rf1+ 35. Ke3 Bxc4 36. Be4+ Kg8 37. a8=Q+ Kf7 38. Bc3 1-0

[Event "NWFD Ch 2019 Men"]
[Site "St. Petersburg"]
[Date "2019.03.15"]
[Round "9.13"]
[White "Shpak, Alexandr"]
[Black "Kuznetsov, Mikhail"]
[Result "0-1"]
[WhiteElo "2141"]
[BlackElo "1895"]
[PlyCount "86"]
[EventDate "2019.03.07"]

1. e4 c5 2. Nc3 a6 3. f4 b5 4. Nf3 Bb7 5. d3 e6 6. a4 b4 7. Nb1 d5 8. Nbd2 Nf6
9. e5 Nfd7 10. g3 Nc6 11. Bg2 Be7 12. O-O O-O 13. Re1 Qb6 14. Kh1 a5 15. c4
bxc3 16. bxc3 Ba6 17. Qc2 Qc7 18. Ba3 Rac8 19. Bh3 g6 20. Nf1 d4 21. cxd4 cxd4
22. Bxe7 Nxe7 23. Qxc7 Rxc7 24. Nxd4 Bxd3 25. Rad1 Nc5 26. Rc1 Rcc8 27. Ne3
Rfd8 28. Nb5 Nxa4 29. Nd6 Rxc1 30. Rxc1 Nb2 31. Ng4 Nf5 32. Nf6+ Kg7 33. Nde8+
Kf8 34. g4 Ne3 35. Nd6 Nec4 36. Nb7 Rd4 37. Nxa5 Rxf4 38. Nc6 Be4+ 39. Bg2 Bxc6
40. Bxc6 Nxe5 41. Nxh7+ Kg7 42. Ng5 Nbd3 43. Rc2 Ne1 0-1

[Event "NWFD Ch 2019 Men"]
[Site "St. Petersburg"]
[Date "2019.03.15"]
[Round "9.14"]
[White "Skuratovich, Yakov"]
[Black "Ivanov, Rodion"]
[Result "1-0"]
[WhiteElo "2101"]
[BlackElo "1941"]
[PlyCount "101"]
[EventDate "2019.03.07"]

1. e4 c6 2. d4 d5 3. exd5 cxd5 4. Bd3 Nf6 5. Ne2 Bg4 6. f3 Bh5 7. O-O e6 8. Ng3
Bg6 9. f4 Bxd3 10. Qxd3 g6 11. Nd2 h5 12. Nf3 h4 13. Nh1 Nc6 14. Nf2 Qc7 15. c3
O-O-O 16. Ne5 Bd6 17. b4 Nh5 18. Qh3 Rdg8 19. Nfd3 Bxe5 20. fxe5 Ng7 21. a4 Nf5
22. a5 a6 23. Nc5 Na7 24. Qd3 Nb5 25. Bb2 Qd8 26. Rad1 Qg5 27. Bc1 Qg4 28. Bb2
Rd8 29. Rde1 Rh7 30. Rf3 h3 31. g3 g5 32. Ref1 Rf8 33. R3f2 Nc7 34. Rc2 f6 35.
c4 fxe5 36. cxd5 Rhf7 37. Nxe6 Nxg3 38. Rxc7+ Kb8 39. Rfxf7 Rxf7 40. Rxf7 Nf5+
41. Kf1 Qg2+ 42. Ke1 Qh1+ 43. Kd2 e4 44. Qxh3 e3+ 45. Ke2 Nh4 46. Qg3+ Ka7 47.
Rxb7+ Kxb7 48. Qc7+ Ka8 49. Qc6+ Kb8 50. Qb6+ Ka8 51. Nc7# 1-0

[Event "NWFD Ch 2019 Men"]
[Site "St. Petersburg"]
[Date "2019.03.15"]
[Round "9.15"]
[White "Starkov, Valery"]
[Black "Bratus, Petr P"]
[Result "1/2-1/2"]
[WhiteElo "2048"]
[BlackElo "2097"]
[PlyCount "163"]
[EventDate "2019.03.07"]

1. d4 Nf6 2. c4 e6 3. Nc3 d5 4. cxd5 exd5 5. Bg5 Nbd7 6. e3 c6 7. Bd3 Be7 8.
Qc2 Nf8 9. Nge2 Ne6 10. Bh4 g6 11. O-O Ng7 12. f3 Bf5 13. e4 dxe4 14. fxe4 Be6
15. Qd2 Nxe4 16. Nxe4 Bxh4 17. Qb4 Nf5 18. Rxf5 gxf5 19. Nd6+ Kf8 20. Nxf5+ Be7
21. Qd2 h6 22. Rf1 Bg5 23. Qb4+ Kg8 24. Neg3 b6 25. Be4 Rc8 26. Qc3 Bd5 27. Qf3
Rc7 28. Qh5 Be6 29. Kh1 Kf8 30. h4 Bf6 31. Rf4 Ke8 32. Qf3 Kd7 33. d5 cxd5 34.
Bxd5 Rc1+ 35. Kh2 Kc7 36. Qe3 Rc5 37. Bxe6 fxe6 38. Qxe6 Rc6 39. Qe4 Re8 40.
Qa4 Kb7 41. Nd4 Bxd4 42. Rxd4 Qe7 43. Qd1 Kb8 44. Qf3 Re6 45. Nf5 Qc7+ 46. Kh3
Rf8 47. h5 Ref6 48. g4 Rc6 49. Qf4 Qxf4 50. Rxf4 Rc2 51. Rb4 Rf6 52. Kg3 Kc7
53. Kf4 Kd7 54. Ke5 Re6+ 55. Kf4 Rf2+ 56. Kg3 Ree2 57. Nxh6 Rxb2 58. Re4 Rfe2
59. Rf4 Ke6 60. Nf5 Rh2 61. Rc4 Rbc2 62. Re4+ Kf6 63. Re8 Rxa2 64. Rf8+ Ke6 65.
Kf4 a5 66. Kg5 Rab2 67. Ra8 Rb1 68. h6 Rbh1 69. Kg6 Kd5 70. g5 Kc4 71. Kg7 Rh5
72. Nd6+ Kb4 73. Nf7 a4 74. g6 a3 75. h7 Kb3 76. h8=Q Rxh8 77. Nxh8 a2 78. Nf7
a1=Q+ 79. Rxa1 Rxa1 80. Kf6 Rf1+ 81. Ke7 Rg1 82. Kf6 1/2-1/2

[Event "NWFD Ch 2019 Men"]
[Site "St. Petersburg"]
[Date "2019.03.15"]
[Round "9.16"]
[White "Yarosh, Ruslan"]
[Black "Andronov, Mikhail G"]
[Result "0-1"]
[WhiteElo "1977"]
[BlackElo "2187"]
[PlyCount "108"]
[EventDate "2019.03.07"]

1. d4 Nf6 2. Nf3 c5 3. c3 d5 4. Bf4 Nc6 5. e3 e6 6. Bd3 Bd6 7. Bg3 cxd4 8. exd4
Nh5 9. Nbd2 Nf4 10. Bxf4 Bxf4 11. Qe2 O-O 12. g3 Bc7 13. h4 f6 14. O-O-O e5 15.
dxe5 fxe5 16. Ng5 h6 17. Bh7+ Kh8 18. Bc2 Qe8 19. Nh7 Rf7 20. Ng5 Rf6 21. Nb3
Ne7 22. Rde1 Bf5 23. Bxf5 Rxf5 24. g4 Rf6 25. Nh3 Ra6 26. a3 Bd6 27. g5 Rb6 28.
Qc2 d4 29. c4 Rc8 30. gxh6 gxh6 31. f4 Rxc4 32. Qxc4 Rc6 33. Qxc6 Qxc6+ 34. Kb1
Qc4 35. Ka2 Nc6 36. fxe5 Bxe5 37. Rc1 Qd5 38. Rhd1 d3 39. Nf2 Nd4 40. Rxd3 Qf7
41. Ne4 Nxb3 42. Rxb3 a5 43. a4 b5 44. Nc5 Bd6 45. Ka1 Bxc5 46. Rxb5 Bb4 47.
Rc6 Kh7 48. Rcb6 Qf1+ 49. Ka2 Qc4+ 50. Kb1 Qxh4 51. Rb7+ Kg6 52. R7b6+ Kf7 53.
Rb7+ Be7 54. Ra7 Qe4+ 0-1

[Event "NWFD Ch 2019 Men"]
[Site "St. Petersburg"]
[Date "2019.03.15"]
[Round "9.17"]
[White "Ananjev, Ilija"]
[Black "Karalkin, Maksim"]
[Result "0-1"]
[WhiteElo "1755"]
[BlackElo "2174"]
[PlyCount "80"]
[EventDate "2019.03.07"]

1. d4 d5 2. Nf3 Nf6 3. Bg5 Nbd7 4. Nbd2 h6 5. Bxf6 Nxf6 6. e3 Bf5 7. c3 e6 8.
Qb3 Qc8 9. Be2 Bd6 10. O-O O-O 11. Ne5 c6 12. f4 Qc7 13. a4 Nd7 14. Ndf3 f6 15.
Nxd7 Qxd7 16. Qd1 Rae8 17. Bd3 Be4 18. Bxe4 dxe4 19. Nd2 f5 20. Nc4 Bc7 21. Qe2
Kh7 22. Rad1 Qe7 23. Ne5 Rg8 24. g3 g5 25. Kh1 Rg7 26. Rg1 Rd8 27. Rd2 a6 28.
Rg2 Qe8 29. Qd1 a5 30. c4 b5 31. axb5 cxb5 32. c5 b4 33. d5 Bxe5 34. fxe5 exd5
35. Rxd5 Rxd5 36. Qxd5 Rd7 37. Qc4 Qh5 38. g4 Qh3 39. Kg1 Rd1+ 40. Kf2 Qf3# 0-1

[Event "NWFD Ch 2019 Men"]
[Site "St. Petersburg"]
[Date "2019.03.15"]
[Round "9.18"]
[White "Schetchikov, Vladimir"]
[Black "Balakin, Vadim"]
[Result "1/2-1/2"]
[WhiteElo "1814"]
[BlackElo "2072"]
[PlyCount "80"]
[EventDate "2019.03.07"]

1. Nf3 Nf6 2. d4 g6 3. g3 Bg7 4. Bg2 c5 5. O-O O-O 6. c3 d6 7. Re1 Nc6 8. Nbd2
cxd4 9. Nxd4 Bd7 10. N2f3 Qc8 11. e4 Bh3 12. Nxc6 bxc6 13. e5 Bxg2 14. Kxg2 Nd5
15. c4 Nb6 16. b3 Rd8 17. Qe2 dxe5 18. Nxe5 f6 19. Nf3 e5 20. Bb2 Nd7 21. Rad1
Nc5 22. Rxd8+ Qxd8 23. Rd1 Qe8 24. b4 Ne6 25. a4 Bf8 26. Bc3 Rb8 27. c5 a5 28.
Qc4 axb4 29. Bxb4 Qf7 30. Rc1 Nc7 31. Nd2 Qxc4 32. Rxc4 Na6 33. Ba3 Kf7 34. Rc3
Ke6 35. Nc4 Bxc5 36. Bxc5 Nxc5 37. Nxe5 Nxa4 38. Nxc6 Nxc3 39. Nxb8 Kd6 40. Kf3
Kc7 1/2-1/2

[Event "NWFD Ch 2019 Men"]
[Site "St. Petersburg"]
[Date "2019.03.15"]
[Round "9.19"]
[White "Lvov, Nikita"]
[Black "Napalkov, Vladimir"]
[Result "1-0"]
[WhiteElo "1936"]
[BlackElo "2034"]
[PlyCount "86"]
[EventDate "2019.03.07"]

1. d4 d5 2. c4 e6 3. Nf3 Nf6 4. e3 c6 5. Nbd2 Bd6 6. Bd3 O-O 7. O-O Nbd7 8. e4
dxe4 9. Nxe4 Nxe4 10. Bxe4 Nf6 11. Bc2 c5 12. Qd3 cxd4 13. Bg5 g6 14. Qxd4 Be7
15. Qh4 Re8 16. Rad1 Nd7 17. Ba4 f6 18. Be3 Qc7 19. Nd4 Qa5 20. b3 e5 21. Ne6
Nf8 22. Bxe8 Bxe6 23. Ba4 a6 24. Qe4 Qc7 25. c5 f5 26. Qb1 f4 27. Bd2 Bxc5 28.
b4 Bd4 29. Bxf4 Bxf2+ 30. Rxf2 exf4 31. Bb3 g5 32. Qf5 Bxb3 33. Qxg5+ Ng6 34.
axb3 Re8 35. h4 Qe7 36. Qxe7 Rxe7 37. h5 Ne5 38. Rxf4 Nc6 39. Rd3 Kg7 40. g4
Kh6 41. Kg2 Re1 42. Kg3 Ne5 43. Rd6+ Kg7 1-0

[Event "NWFD Ch 2019 Men"]
[Site "St. Petersburg"]
[Date "2019.03.15"]
[Round "9.20"]
[White "Ponikarovsky, Alexey"]
[Black "Osetrov, Dmitrij"]
[Result "1/2-1/2"]
[WhiteElo "1991"]
[BlackElo "1775"]
[PlyCount "131"]
[EventDate "2019.03.07"]

1. e4 c5 2. Nf3 Nc6 3. Nc3 e5 4. g3 Nf6 5. d3 d6 6. Bg5 Be7 7. Bxf6 Bxf6 8. Bg2
g6 9. Nd5 Bg7 10. O-O O-O 11. c3 Be6 12. Nh4 f5 13. exf5 gxf5 14. f4 Ne7 15.
Nxe7+ Qxe7 16. Qh5 Qf7 17. Qxf7+ Rxf7 18. Bh3 Raf8 19. Rae1 Bd7 20. Nf3 Re7 21.
Nh4 Ref7 22. Nf3 exf4 23. Ng5 Rf6 24. gxf4 Rg6 25. Kf2 h6 26. Nf3 Bf6 27. Rg1
Kf7 28. Rxg6 Kxg6 29. Rc1 b5 30. d4 Be6 31. dxc5 dxc5 32. Re1 Bxa2 33. Ra1 Bc4
34. Rxa7 Re8 35. Ra6 Re6 36. Ne5+ Bxe5 37. Rxe6+ Bxe6 38. fxe5 Kg5 39. Bf1 Bd7
40. e6 Bc6 41. Bh3 f4 42. b4 cxb4 43. cxb4 Kf6 44. Ke2 Bd5 45. Kd3 Bxe6 46.
Bxe6 Kxe6 47. Ke4 f3 48. Kxf3 Kd5 49. Kg4 Kc4 50. Kh5 Kxb4 51. Kxh6 Kc5 52. Kg7
b4 53. h4 b3 54. h5 b2 55. h6 b1=Q 56. h7 Qb2+ 57. Kg8 Qb3+ 58. Kg7 Qc3+ 59.
Kg8 Qc4+ 60. Kg7 Qd4+ 61. Kg8 Qd5+ 62. Kg7 Qe5+ 63. Kg8 Qg5+ 64. Kh8 Qd8+ 65.
Kg7 Qe7+ 66. Kg8 1/2-1/2

[Event "NWFD Ch 2019 Men"]
[Site "St. Petersburg"]
[Date "2019.03.15"]
[Round "9.21"]
[White "Ufimtsev, Egor"]
[Black "Shoshin, Kirill"]
[Result "1/2-1/2"]
[WhiteElo "2148"]
[BlackElo "1811"]
[PlyCount "55"]
[EventDate "2019.03.07"]

1. Nf3 d5 2. g3 Nf6 3. Bg2 Bf5 4. O-O e6 5. c4 c6 6. b3 h6 7. Bb2 Be7 8. d3 O-O
9. Nbd2 a5 10. Re1 a4 11. e4 dxe4 12. dxe4 Bh7 13. e5 Nfd7 14. Ne4 axb3 15.
axb3 Rxa1 16. Bxa1 Bxe4 17. Rxe4 Nxe5 18. Rd4 Nxf3+ 19. Bxf3 Qa5 20. Rg4 e5 21.
Qc1 Bg5 22. Bc3 Bxc1 23. Bxa5 Nd7 24. Re4 Bb2 25. Bc7 Bd4 26. Re2 g6 27. b4 Rc8
28. Bd6 1/2-1/2

[Event "NWFD Ch 2019 Men"]
[Site "St. Petersburg"]
[Date "2019.03.15"]
[Round "9.22"]
[White "Pozdeev, Dmitry"]
[Black "Maslyakov, Ivan"]
[Result "1-0"]
[WhiteElo "1370"]
[BlackElo "1741"]
[PlyCount "93"]
[EventDate "2019.03.07"]

1. e4 e6 2. d4 d5 3. Nd2 Nf6 4. e5 Nfd7 5. Bd3 c5 6. c3 Nc6 7. Ne2 Qb6 8. Nf3
f6 9. exf6 Nxf6 10. O-O Bd6 11. Rb1 O-O 12. Re1 Nh5 13. Be3 Kh8 14. Qd2 Bd7 15.
Ng5 Nf6 16. dxc5 Bxc5 17. Bxc5 Qxc5 18. Nf4 e5 19. Nfe6 Qb6 20. Nxf8 Rxf8 21.
Qe3 Qxe3 22. Rxe3 h6 23. Nh3 e4 24. Be2 g5 25. Rd1 Ne7 26. Bf1 Bg4 27. Rc1 Nf5
28. Ree1 Nh5 29. c4 Nh4 30. Re3 Bxh3 31. Rxh3 d4 32. Re1 Re8 33. Rb3 Re7 34.
Rb5 Nf4 35. Kh1 d3 36. Rb3 d2 37. Rd1 Rd7 38. g3 Nf3 39. gxf4 gxf4 40. Bg2 Ng5
41. h4 f3 42. hxg5 fxg2+ 43. Kxg2 hxg5 44. Rg3 b5 45. cxb5 Rd5 46. Re3 Rd7 47.
Re2 1-0

[Event "NWFD Ch 2019 Men"]
[Site "St. Petersburg"]
[Date "2019.03.15"]
[Round "9.23"]
[White "Nikitin, Vladimir"]
[Black "Iurtsius, Sergei"]
[Result "1/2-1/2"]
[WhiteElo "1817"]
[BlackElo "1841"]
[PlyCount "117"]
[EventDate "2019.03.07"]

1. e4 c5 2. Nf3 d6 3. Bb5+ Bd7 4. a4 Nc6 5. O-O Nf6 6. Re1 e5 7. c3 Be7 8. d4
O-O 9. Na3 cxd4 10. cxd4 Bg4 11. Bxc6 bxc6 12. dxe5 Bxf3 13. Qxf3 dxe5 14. Rd1
Qc7 15. Nc4 a5 16. Bg5 h6 17. Bd2 Rfe8 18. Qf5 Bd8 19. Bc3 g6 20. Qf3 Nh5 21.
g3 Bf6 22. Rd6 Be7 23. Rd3 Bb4 24. Rad1 Ra7 25. Rd7 Qxd7 26. Rxd7 Rxd7 27. Nxe5
Rde7 28. Nxc6 Rxe4 29. Nxa5 Bxc3 30. Qxc3 Rxa4 31. b4 Rb8 32. Nc6 Rb7 33. Qc5
Ra1+ 34. Kg2 Rb1 35. Qc2 Re1 36. Qc4 Re8 37. Qa6 Rc7 38. Qb6 Rcc8 39. Qc5 Kg7
40. b5 Nf6 41. Qd4 Re6 42. h4 h5 43. f3 Kg8 44. g4 hxg4 45. fxg4 Rce8 46. Kf3
Ne4 47. g5 Rd6 48. Qxe4 Rxe4 49. Kxe4 Kf8 50. Nd4 Ke7 51. Kd3 Kd7 52. Kc4 Kc7
53. Kc5 f5 54. gxf6 Rxf6 55. Kd5 Kb6 56. Ke5 Rf1 57. Ne6 Rf5+ 58. Ke4 Rxb5 59.
Nf4 1/2-1/2